15 verdura più sana - Statistics

Statistiche generali
  • Questo quiz è stato fatto 293 volte
  • Il punteggio medio è 4 su 15
Statistiche sulle risposte
Rank verdura % Corretto
7 pomodoro
74%
13 carota
72%
2 spinaci
53%
5 cavolo
51%
3 broccoli
48%
10 cavolfiore
45%
11 sedano
31%
6 asparagi
17%
15 porro
12%
8 cavoletti di Bruxelles
5%
4 barbabietole
3%
1 cavolo nero
2%
14 foglia di cavolo
0%
12 paprica
0%
9 patata americana
0%
Nessun quiz corrispondente trovato
Distribuzione punteggi
Percentuale di utenti per punteggio
Percentile per numero di risposta
I tuoi punteggi nel tempo
Non hai fatto questo quiz